[Event "BL 1213 OSG Baden Baden - Turm Emsdette"]
[Site "?"]
[Date "2012.11.11"]
[Round "4.3"]
[White "Janssen, Ruud"]
[Black "Shirov, Alexei"]
[Result "0-1"]
[WhiteElo "2483"]
[BlackElo "2718"]
[PlyCount "58"]
[EventDate "2012.??.??"]

1. c4 e5 2. g3 Nc6 3. Nc3 g6 4. Bg2 Bg7 5. e4 d6 6. Nge2 f5 7. d3 Nf6 8. O-O
O-O 9. Nd5 Nh5 10. exf5 Bxf5 11. h3 Be6 12. Rb1 Qd7 13. g4 Nf6 14. b4 Bxd5 15.
cxd5 Ne7 16. Qb3 h5 17. g5 Nh7 18. Bd2 Nf5 19. Qc4 Qd8 20. h4 e4 21. Nf4 Nxg5
22. Nxg6 Nf3+ 23. Bxf3 exf3 24. Nxf8 Nd4 25. Ng6 b5 26. Bg5 Qd7 27. Qxd4 Bxd4
28. Nf4 Be5 29. Ne6 Qf7 0-1

[Event "BL 1213 OSG Baden Baden - Turm Emsdette"]
[Site "?"]
[Date "2012.11.11"]
[Round "4.4"]
[White "Naiditsch, Arkadij"]
[Black "Burg, Twan"]
[Result "1-0"]
[WhiteElo "2704"]
[BlackElo "2502"]
[PlyCount "75"]
[EventDate "2012.??.??"]

1. c4 c6 2. d4 d5 3. cxd5 cxd5 4. Nc3 Nc6 5. Bf4 e5 6. dxe5 d4 7. Ne4 Qa5+ 8.
Nd2 Nge7 9. Ngf3 Ng6 10. g3 Be7 11. Bg2 O-O 12. O-O Rd8 13. Nc4 Qa6 14. b3 Be6
15. Qd3 Rac8 16. a3 b5 17. Nd6 Bxd6 18. exd6 Nxf4 19. gxf4 f6 20. f5 Bf7 21.
Rfc1 Qb6 22. e4 Ne5 23. Nxe5 Rxc1+ 24. Rxc1 fxe5 25. Bf1 a6 26. a4 Qxd6 27.
axb5 axb5 28. Qxb5 Rb8 29. Rc6 Rxb5 30. Rxd6 Rb8 31. f4 exf4 32. b4 g6 33. f6
Bb3 34. b5 Kf7 35. e5 Re8 36. b6 Rxe5 37. b7 Re8 38. Rb6 1-0

[Event "BL 1213 OSG Baden Baden - Turm Emsdette"]
[Site "?"]
[Date "2012.11.11"]
[Round "4.5"]
[White "Kuipers, Stefan"]
[Black "Vallejo Pons, Francisco"]
[Result "0-1"]
[WhiteElo "2434"]
[BlackElo "2700"]
[PlyCount "72"]
[EventDate "2012.??.??"]

1. e4 e6 2. d4 d5 3. Nc3 Nf6 4. e5 Nfd7 5. f4 c5 6. Nf3 Nc6 7. Be3 a6 8. Qd2
cxd4 9. Nxd4 Bc5 10. O-O-O O-O 11. Kb1 Bxd4 12. Bxd4 b5 13. h4 b4 14. Na4 Nxd4
15. Qxd4 Qa5 16. b3 Bb7 17. Rh3 Bc6 18. Nb2 Bb5 19. Bd3 Rfc8 20. Rc1 Nb8 21. f5
Nc6 22. Qf4 Qc7 23. Re3 f6 24. Qg4 Nxe5 25. Qxb4 Nxd3 26. Nxd3 e5 27. Nb2 d4
28. Rh3 Be2 29. Rg3 e4 30. Qe1 Re8 31. c3 d3 32. Nc4 a5 33. Re3 a4 34. Kb2 axb3
35. axb3 Qa7 36. Ra1 d2 0-1

[Event "BL 1213 OSG Baden Baden - Turm Emsdette"]
[Site "?"]
[Date "2012.11.11"]
[Round "4.7"]
[White "Fiebig, Thomas"]
[Black "Nielsen, Peter-Heine"]
[Result "1/2-1/2"]
[WhiteElo "2402"]
[BlackElo "2662"]
[PlyCount "97"]
[EventDate "2012.??.??"]

1. e4 c5 2. c3 d5 3. exd5 Qxd5 4. d4 Nc6 5. Nf3 Bf5 6. dxc5 Qxd1+ 7. Kxd1
O-O-O+ 8. Ke1 e5 9. b4 Nf6 10. Bb5 Nd5 11. Bd2 Be7 12. Na3 e4 13. Nd4 Nxd4 14.
cxd4 Bf6 15. Nc2 Nc7 16. Bc4 Be6 17. Be2 Bxd4 18. Nxd4 Rxd4 19. Bc3 Rd5 20. a3
f6 21. Rd1 Rhd8 22. Bb2 Rxd1+ 23. Bxd1 Nd5 24. g3 Bh3 25. Rg1 Kc7 26. Be2 Kc6
27. f3 e3 28. Bd1 Kc7 29. Bb3 Be6 30. Ke2 Nc3+ 31. Bxc3 Bxb3 32. Kxe3 Bc4 33.
Rc1 Rd3+ 34. Ke4 Bb5 35. a4 f5+ 36. Kxf5 Rxf3+ 37. Kg4 Be2 38. Kg5 Rf7 39. b5
a6 40. Ba5+ Kc8 41. bxa6 Bxa6 42. c6 Bd3 43. cxb7+ Kxb7 44. Rc5 h6+ 45. Kh5
Rf5+ 46. Rxf5 Bxf5 47. Bc3 g6+ 48. Kxh6 Bb1 49. Kg5 1/2-1/2

[Event "BL 1213 OSG Baden Baden - Turm Emsdette"]
[Site "?"]
[Date "2012.11.11"]
[Round "4.8"]
[White "Schlosser, Philipp"]
[Black "Richter, Christian"]
[Result "1-0"]
[WhiteElo "2579"]
[BlackElo "2365"]
[PlyCount "105"]
[EventDate "2012.??.??"]

1. c4 e5 2. Nc3 Nf6 3. Nf3 Nc6 4. a3 Be7 5. e3 O-O 6. b4 d6 7. Qc2 Re8 8. Bb2
Bf8 9. Be2 g6 10. d3 Bg7 11. O-O Nb8 12. Rac1 Nbd7 13. Rfd1 Nf8 14. Ne4 Bd7 15.
Ng3 Qe7 16. a4 a5 17. b5 b6 18. Re1 Bc8 19. Nd2 Bb7 20. Bf3 Bxf3 21. Nxf3 Ne6
22. Ba3 Qd8 23. Ne2 Qc8 24. Nc3 Qb7 25. Nd2 Rad8 26. Nde4 Kh8 27. Qe2 Qa8 28.
Rcd1 Kg8 29. Rf1 Kh8 30. h4 h5 31. g3 Kg8 32. f3 Qc8 33. Kh2 Nh7 34. Nd5 Kh8
35. f4 f5 36. Ng5 Qd7 37. Nxh7 Kxh7 38. Qg2 Rf8 39. fxe5 Bxe5 40. d4 Bg7 41. c5
bxc5 42. dxc5 Nxc5 43. Bxc5 dxc5 44. Nf6+ Rxf6 45. Rxd7 Rxd7 46. e4 fxe4 47.
Rxf6 Bxf6 48. Qxe4 Kg7 49. Qc6 Re7 50. Qxc5 Re2+ 51. Kg1 Re7 52. Kg2 Rd7 53.
Qa7 1-0

[Event "BL 1213 SG Turm Trier - Werder Bremen"]
[Site "?"]
[Date "2012.11.11"]
[Round "4.2"]
[White "Parligras, Mircea"]
[Black "Efimenko, Zahar"]
[Result "0-1"]
[WhiteElo "2633"]
[BlackElo "2689"]
[PlyCount "104"]
[EventDate "2012.??.??"]

1. d4 Nf6 2. c4 e6 3. Nc3 Bb4 4. Qc2 O-O 5. a3 Bxc3+ 6. Qxc3 d6 7. f3 d5 8. Bg5
c5 9. e3 cxd4 10. Qxd4 Nc6 11. Qc3 dxc4 12. Bxc4 Bd7 13. Ne2 Rc8 14. Rc1 Na5
15. Bxf6 gxf6 16. Qb4 Nc6 17. Qb3 Ne5 18. O-O Qa5 19. Qxb7 Rxc4 20. Rxc4 Nxc4
21. Qxd7 Rd8 22. Qe7 Nxe3 23. Rc1 Qb6 24. Kh1 Nd5 25. Qc5 Qxc5 26. Rxc5 Nf4 27.
Nc3 Rd2 28. Rc4 Nd3 29. b4 f5 30. h4 a6 31. Na4 e5 32. Nc5 Nf4 33. g4 Ne2 34.
gxf5 Ng3+ 35. Kg1 Nxf5 36. Ne4 Ra2 37. Rc3 Nxh4 38. Nc5 Nf5 39. Nxa6 Nd4 40.
Kf1 h5 41. Nc5 f5 42. b5 Nxb5 43. Re3 h4 44. Re2 Rxe2 45. Kxe2 Nxa3 46. Kf2 Kf7
47. Kg2 Kg6 48. Kh3 Kh5 49. Ne6 Nb5 50. Nc5 Nd4 51. Kg2 Kg5 52. Nd3 Nxf3 0-1

[Event "BL 1213 SG Turm Trier - Werder Bremen"]
[Site "?"]
[Date "2012.11.11"]
[Round "4.3"]
[White "Areshchenko, Alexander"]
[Black "Howell, David W L"]
[Result "1-0"]
[WhiteElo "2710"]
[BlackElo "2634"]
[PlyCount "107"]
[EventDate "2012.??.??"]

1. e4 e5 2. Nf3 Nc6 3. Bb5 Nf6 4. d3 d6 5. c3 Be7 6. O-O O-O 7. Re1 Bd7 8. Ba4
Re8 9. Nbd2 Bf8 10. Nf1 h6 11. Ng3 Ne7 12. Bc2 Ng6 13. d4 c5 14. h3 Qc7 15. Be3
b5 16. Qd2 a5 17. a4 cxd4 18. cxd4 bxa4 19. Bxa4 Bxa4 20. Rxa4 d5 21. dxe5 Nxe4
22. Nxe4 dxe4 23. Rxe4 Nxe5 24. Nxe5 Rxe5 25. Rxe5 Qxe5 26. Bxh6 Qf5 27. Qf4
Qb5 28. Qf3 Rd8 29. Bc1 a4 30. Rd1 Rc8 31. h4 g6 32. Qg4 Re8 33. Be3 Bg7 34.
Ra1 Ra8 35. Qe4 Qa6 36. Bd4 Bxd4 37. Qxd4 Qb5 38. Ra3 Rb8 39. Re3 Qf5 40. Re5
Qb1+ 41. Kh2 Qc1 42. h5 Qh6 43. g3 Qg7 44. Kg1 Rf8 45. Qd5 Kh8 46. Qd6 Kh7 47.
Ra5 Re8 48. hxg6+ Qxg6 49. Qxg6+ fxg6 50. Rxa4 Rb8 51. Rh4+ Kg7 52. b4 g5 53.
Rc4 Kf6 54. Kg2 1-0

[Event "BL 1213 SG Turm Trier - Werder Bremen"]
[Site "?"]
[Date "2012.11.11"]
[Round "4.4"]
[White "Lupulescu, Constantin"]
[Black "Nyback, Tomi"]
[Result "1-0"]
[WhiteElo "2613"]
[BlackElo "2598"]
[PlyCount "95"]
[EventDate "2012.??.??"]

1. Nf3 Nf6 2. c4 g6 3. Nc3 d5 4. cxd5 Nxd5 5. Qb3 Nb6 6. d4 Bg7 7. e4 Bg4 8.
Bb5+ c6 9. Ng5 O-O 10. Be2 Bxe2 11. Nxe2 e5 12. dxe5 h6 13. Nh3 N8d7 14. f4 Nc5
15. Qc2 Nd3+ 16. Kf1 c5 17. Nf2 c4 18. Be3 Qd7 19. Rd1 Rfd8 20. Nc3 Qc6 21. Ke2
Nb4 22. Qb1 Na4 23. a3 Nxc3+ 24. bxc3 Nd3 25. Nxd3 cxd3+ 26. Rxd3 Bf8 27. Rhd1
Rdc8 28. Kf3 Bxa3 29. Qb3 Bf8 30. Rd7 Qe6 31. Qxe6 fxe6 32. Bd4 b5 33. Rb7 a6
34. Rb6 Kf7 35. f5 gxf5 36. exf5 exf5 37. Kf4 Rcb8 38. Rc6 Rb7 39. Kxf5 a5 40.
e6+ Ke8 41. Rd3 b4 42. cxb4 axb4 43. Kg6 b3 44. Bb2 Ba3 45. Bxa3 Rxa3 46. Kf6
Ra8 47. Rdc3 Rbb8 48. Rg3 1-0

[Event "BL 1213 SG Turm Trier - Werder Bremen"]
[Site "?"]
[Date "2012.11.11"]
[Round "4.5"]
[White "Rapport, Richard"]
[Black "Cyborowski, Lukasz"]
[Result "1-0"]
[WhiteElo "2621"]
[BlackElo "2530"]
[PlyCount "105"]
[EventDate "2012.??.??"]

1. d4 Nf6 2. c4 e6 3. Nc3 d5 4. cxd5 Nxd5 5. e4 Nxc3 6. bxc3 c5 7. Nf3 cxd4 8.
cxd4 Bb4+ 9. Bd2 Bxd2+ 10. Qxd2 O-O 11. Rd1 Nc6 12. Be2 Qa5 13. O-O Qxd2 14.
Rxd2 Rd8 15. Rc1 Kf8 16. Rc5 Ne7 17. Rb2 b6 18. Rc7 Rd7 19. Rbc2 Rxc7 20. Rxc7
Ke8 21. h4 Kd8 22. Rc3 f6 23. Nd2 Bb7 24. Bc4 Rc8 25. Rg3 g6 26. Ra3 Bxe4 27.
Bxe6 Rc1+ 28. Kh2 Bf5 29. Bxf5 gxf5 30. Rxa7 Rc2 31. Nf3 Rxf2 32. Rb7 Nd5 33.
Rxh7 Ne3 34. Rg7 Rxa2 35. h5 Ke8 36. Nh4 Kf8 37. Rb7 Kg8 38. Kg3 Ra3 39. Kf4
Nd5+ 40. Kxf5 Rg3 41. h6 Rg5+ 42. Ke6 Nf4+ 43. Kxf6 Rg4 44. h7+ Kh8 45. Kf5
Rxh4 46. g3 Rh5+ 47. Kxf4 b5 48. g4 Rd5 49. g5 Rxd4+ 50. Kf5 Rd5+ 51. Kg6 Rd6+
52. Kh5 Rd1 53. Kh6 1-0

[Event "BL 1213 SG Turm Trier - Werder Bremen"]
[Site "?"]
[Date "2012.11.11"]
[Round "4.6"]
[White "Gonda, Laszlo"]
[Black "Meins, Gerlef"]
[Result "1/2-1/2"]
[WhiteElo "2528"]
[BlackElo "2473"]
[PlyCount "59"]
[EventDate "2012.??.??"]

1. c4 Nf6 2. g3 c6 3. Bg2 d5 4. Nf3 Bf5 5. cxd5 cxd5 6. Qb3 Qc8 7. Nc3 e6 8.
O-O Nc6 9. d3 Be7 10. Bf4 O-O 11. Rac1 Nd7 12. Be3 Qb8 13. Nd4 Bg6 14. Nxc6
bxc6 15. Qxb8 Raxb8 16. Na4 c5 17. b3 Rfc8 18. Bf4 Ra8 19. e4 Nb6 20. Nc3 Rd8
21. Bc7 Rd7 22. Bxb6 axb6 23. exd5 exd5 24. Rfe1 Kf8 25. Nxd5 Rxa2 26. d4 Bf5
27. Ne3 Bg6 28. Nd5 Bf5 29. Ne3 Bg6 30. Nd5 1/2-1/2

[Event "BL 1213 SG Turm Trier - Werder Bremen"]
[Site "?"]
[Date "2012.11.11"]
[Round "4.7"]
[White "Fish, Gennadij"]
[Black "Gordon, Stephen"]
[Result "1/2-1/2"]
[WhiteElo "2475"]
[BlackElo "2556"]
[PlyCount "121"]
[EventDate "2012.??.??"]

1. d4 Nf6 2. c4 e6 3. Nc3 Bb4 4. e3 O-O 5. Bd3 d5 6. Nge2 c5 7. a3 cxd4 8. exd4
Bxc3+ 9. bxc3 dxc4 10. Bxc4 Nbd7 11. Ba2 b5 12. a4 a6 13. O-O Bb7 14. Ba3 Re8
15. c4 bxc4 16. Bxc4 Nb6 17. Bd3 Be4 18. a5 Nbd5 19. Bc5 Qc7 20. Bc4 Nd7 21.
Ng3 Nxc5 22. dxc5 Bg6 23. Bxd5 Rad8 24. Qa4 exd5 25. Qd4 Re6 26. f4 Be4 27. f5
Rc6 28. Rac1 Rc8 29. Nxe4 dxe4 30. Qxe4 Rxc5 31. Rce1 h6 32. f6 Rxa5 33. fxg7
Kxg7 34. Qd4+ Kg8 35. Qf6 Rh5 36. h4 Rf8 37. Rf4 Qc5+ 38. Kh2 Qg5 39. Qd4 Rd8
40. Qc4 Qd5 41. Rg4+ Kf8 42. Qc3 Qd6+ 43. Kh1 f6 44. Rf1 Kf7 45. Rgf4 Kg7 46.
Qf3 Qe5 47. Re4 Qg5 48. g3 Kh8 49. Kh2 Qg6 50. Qxf6+ Qxf6 51. Rxf6 Ra8 52. Kh3
Kg7 53. Ree6 a5 54. Kg4 Rb5 55. Rxh6 a4 56. Rhg6+ Kh7 57. h5 Rba5 58. Rh6+ Kg7
59. Rhg6+ Kh7 60. Rh6+ Kg7 61. Rhg6+ 1/2-1/2

[Event "BL 1213 SG Turm Trier - Werder Bremen"]
[Site "?"]
[Date "2012.11.11"]
[Round "4.8"]
[White "Jaracz, Pawel"]
[Black "Asendorf, Joachim Dr"]
[Result "1/2-1/2"]
[WhiteElo "2541"]
[BlackElo "2356"]
[PlyCount "61"]
[EventDate "2012.??.??"]

1. d4 d5 2. c4 e6 3. Nf3 c5 4. cxd5 exd5 5. g3 Nc6 6. Bg2 Nf6 7. O-O Be7 8. Nc3
O-O 9. dxc5 Bxc5 10. Na4 Be7 11. Be3 Bg4 12. Rc1 Re8 13. Nc5 Qb6 14. Nb3 Qa6
15. a3 Rac8 16. Re1 h6 17. Nbd4 Ne4 18. h3 Bd7 19. Qb3 Bf6 20. Qxd5 Rcd8 21.
Qb3 Nxd4 22. Bxd4 Bxd4 23. Nxd4 Bxh3 24. Bxh3 Rxd4 25. Bg2 Qf6 26. Qf3 Qb6 27.
Qe3 Nf6 28. Qc3 Ne4 29. Qe3 Nf6 30. Qc3 Ne4 31. Qe3 1/2-1/2

[Event "BL 1213 Schachfr. Berlin - SV Hockenhei"]
[Site "?"]
[Date "2012.11.11"]
[Round "4.1"]
[White "Buhmann, Rainer"]
[Black "Kraemer, Martin"]
[Result "1/2-1/2"]
[WhiteElo "2584"]
[BlackElo "2520"]
[PlyCount "45"]
[EventDate "2012.??.??"]

1. Nf3 Nf6 2. c4 b6 3. g3 Bb7 4. Bg2 e6 5. O-O Be7 6. d4 O-O 7. d5 exd5 8. Nh4
c6 9. cxd5 Nxd5 10. Nf5 Nc7 11. Nc3 d5 12. e4 Bf6 13. exd5 Nxd5 14. Nxd5 cxd5
15. Ne3 Nc6 16. Nxd5 Be5 17. Re1 Re8 18. Bf4 Bxf4 19. Nxf4 Qxd1 20. Raxd1 Rxe1+
21. Rxe1 Kf8 22. h4 Rd8 23. Rc1 1/2-1/2

[Event "BL 1213 Schachfr. Berlin - SV Hockenhei"]
[Site "?"]
[Date "2012.11.11"]
[Round "4.2"]
[White "Antoniewski, Rafal"]
[Black "Lenic, Luka"]
[Result "1/2-1/2"]
[WhiteElo "2552"]
[BlackElo "2633"]
[PlyCount "62"]
[EventDate "2012.??.??"]

1. e4 c6 2. d4 d5 3. exd5 cxd5 4. c4 Nf6 5. Nc3 e6 6. Nf3 Bb4 7. cxd5 Nxd5 8.
Bd2 Nc6 9. Bd3 Be7 10. a3 O-O 11. O-O Bf6 12. Qc2 h6 13. Be3 Nxc3 14. Qxc3 Ne7
15. Be4 Nd5 16. Qb3 b6 17. Bxd5 Qxd5 18. Qxd5 exd5 19. Rfc1 Be6 20. Rc7 Rfc8
21. Rac1 Rxc7 22. Rxc7 Bd8 23. Rc6 Rc8 24. Rxc8 Bxc8 25. Ne5 Bb7 26. g4 f6 27.
Ng6 Kf7 28. Nh8+ Ke6 29. Ng6 Kf7 30. Nh8+ Kg8 31. Ng6 Kf7 1/2-1/2

[Event "BL 1213 Schachfr. Berlin - SV Hockenhei"]
[Site "?"]
[Date "2012.11.11"]
[Round "4.3"]
[White "Baramidze, David"]
[Black "Schneider, Ilja"]
[Result "1/2-1/2"]
[WhiteElo "2615"]
[BlackElo "2489"]
[PlyCount "56"]
[EventDate "2012.??.??"]

1. d4 d5 2. c4 c6 3. Nf3 Nf6 4. Nc3 a6 5. e3 b5 6. b3 Bg4 7. Be2 Nbd7 8. h3 Bh5
9. g4 Bg6 10. Ne5 Nxe5 11. dxe5 Nd7 12. cxd5 e6 13. dxe6 fxe6 14. O-O Qh4 15.
Kg2 Rd8 16. Qd4 Be7 17. Ne4 O-O 18. Ng3 Nxe5 19. Qxe5 Bf6 20. Qxe6+ Bf7 21. Nf5
Bxe6 22. Nxh4 Bxa1 23. Ba3 Bf6 24. Bxf8 Rd2 25. g5 Bxg5 26. Nf3 Bd5 27. Re1
Kxf8 28. Kg3 Bxf3 1/2-1/2

[Event "BL 1213 Schachfr. Berlin - SV Hockenhei"]
[Site "?"]
[Date "2012.11.11"]
[Round "4.4"]
[White "Michalik, Peter"]
[Black "Saric, Ivan"]
[Result "1/2-1/2"]
[WhiteElo "2508"]
[BlackElo "2625"]
[PlyCount "103"]
[EventDate "2012.??.??"]

1. d4 Nf6 2. c4 g6 3. Nc3 Bg7 4. e4 d6 5. f3 O-O 6. Be3 c5 7. Nge2 b6 8. d5 e6
9. Ng3 a6 10. a4 exd5 11. cxd5 h5 12. Be2 Nh7 13. O-O h4 14. Nh1 f5 15. Qd2 Nd7
16. Nf2 Ndf6 17. exf5 Bxf5 18. Bd3 Qd7 19. Rae1 Bxd3 20. Qxd3 Qf7 21. Nh3 b5
22. axb5 axb5 23. Nxb5 Rfb8 24. Nf4 Qd7 25. Nc3 Qf5 26. Qxf5 gxf5 27. Re2 Nd7
28. Bf2 Rb4 29. Ng6 Bf6 30. f4 h3 31. Bh4 Bd4+ 32. Kh1 Kf7 33. Ne7 Re8 34. gxh3
Bf6 35. Bxf6 Nhxf6 36. Nxf5 Rxe2 37. Nxd6+ Ke7 38. Nf5+ Kd8 39. Nxe2 Nxd5 40.
Nc3 Nxf4 41. h4 Nf6 42. Rf2 Kd7 43. Ng3 Ke6 44. h5 N6xh5 45. Nxh5 Nxh5 46. Kg2
Nf4+ 47. Kg3 Nd3 48. Re2+ Kf5 49. Nd1 Rb8 50. h3 Rg8+ 51. Kf3 Ne5+ 52. Ke3
1/2-1/2

[Event "BL 1213 Schachfr. Berlin - SV Hockenhei"]
[Site "?"]
[Date "2012.11.11"]
[Round "4.5"]
[White "Ribli, Zoltan"]
[Black "Lauber, Arnd"]
[Result "1-0"]
[WhiteElo "2554"]
[BlackElo "2465"]
[PlyCount "57"]
[EventDate "2012.??.??"]

1. c4 e6 2. Nf3 Nf6 3. g3 d5 4. d4 Bb4+ 5. Bd2 Be7 6. Bg2 O-O 7. O-O c6 8. Qc2
b6 9. Rd1 Nbd7 10. b3 Ba6 11. a4 Qc8 12. a5 Qb7 13. axb6 axb6 14. Bf4 b5 15.
Nbd2 bxc4 16. bxc4 c5 17. Ra2 Bxc4 18. Rxa8 Qxa8 19. Nxc4 dxc4 20. Ne5 Qa3 21.
Nc6 cxd4 22. Rxd4 Bc5 23. Rxc4 Bd6 24. Bc1 Qa6 25. Ra4 Qb5 26. Ra5 Qb6 27. Be3
Qc7 28. Ra7 Qc8 29. Qd2 1-0

[Event "BL 1213 Schachfr. Berlin - SV Hockenhei"]
[Site "?"]
[Date "2012.11.11"]
[Round "4.6"]
[White "Polzin, Rainer"]
[Black "Banusz, Tamas"]
[Result "0-1"]
[WhiteElo "2465"]
[BlackElo "2580"]
[PlyCount "90"]
[EventDate "2012.??.??"]

1. e4 e5 2. Nf3 Nc6 3. Bb5 a6 4. Ba4 Nf6 5. O-O Be7 6. Qe2 b5 7. Bb3 O-O 8. c3
d5 9. d3 Bb7 10. Nbd2 Re8 11. Re1 Bf8 12. a3 h6 13. exd5 Nxd5 14. Ne4 Nf4 15.
Bxf4 exf4 16. Qc2 Ne5 17. Nxe5 Rxe5 18. d4 Re8 19. Qd3 Qe7 20. f3 Qd7 21. Bc2
f5 22. Nc5 Bxc5 23. dxc5 Qxd3 24. Bxd3 g6 25. c4 Bc6 26. Kf2 Kf7 27. Rad1 Kf6
28. cxb5 axb5 29. Bc2 Rxe1 30. Rxe1 Bd5 31. g3 b4 32. axb4 Rb8 33. Rd1 Be6 34.
Ba4 Rxb4 35. b3 fxg3+ 36. hxg3 f4 37. gxf4 Rxf4 38. Rd8 h5 39. Rf8+ Kg5 40.
Rxf4 Kxf4 41. b4 Bd5 42. Be8 h4 43. Bxg6 Bxf3 44. Kg1 Kg3 45. Bf5 Bc6 0-1

[Event "BL 1213 Schachfr. Berlin - SV Hockenhei"]
[Site "?"]
[Date "2012.11.11"]
[Round "4.8"]
[White "Agopov, Mikael"]
[Black "Paehtz, Elisabeth"]
[Result "1-0"]
[WhiteElo "2427"]
[BlackElo "2482"]
[PlyCount "109"]
[EventDate "2012.??.??"]

1. e4 e5 2. Nf3 Nc6 3. Bb5 a6 4. Ba4 Nf6 5. O-O Be7 6. Re1 b5 7. Bb3 d6 8. c3
O-O 9. h3 Na5 10. Bc2 c5 11. d4 Qc7 12. Nbd2 Bd7 13. Nf1 Nc4 14. b3 Nb6 15. Be3
Rfe8 16. d5 g6 17. N3d2 Nh5 18. c4 Qd8 19. a3 Bg5 20. Bd3 Nf4 21. Qc2 Nxd3 22.
Qxd3 f5 23. exf5 gxf5 24. f3 Bh4 25. Re2 Qf6 26. Rb1 Kh8 27. f4 exf4 28. Bxf4
Rxe2 29. Qxe2 Re8 30. Qd3 Bg5 31. Bxg5 Qxg5 32. Qc3+ Qg7 33. Qxg7+ Kxg7 34. Kf2
Kf6 35. g3 Ke5 36. Nf3+ Kf6 37. Ne3 bxc4 38. bxc4 Na4 39. Rb3 Re4 40. Nd2 Re7
41. Ng2 Bc8 42. Rb8 Nc3 43. Ne3 Rc7 44. Rb6 Ne4+ 45. Nxe4+ fxe4 46. Rxd6+ Ke5
47. Rd8 Bxh3 48. Re8+ Kd4 49. g4 Kd3 50. Re5 Rb7 51. d6 Rb2+ 52. Kg3 Bxg4 53.
Nxg4 Kxc4 54. d7 Rd2 55. Rd5 1-0

[Event "BL 1213 SC Forchheim - SC Eppingen"]
[Site "?"]
[Date "2012.11.11"]
[Round "4.1"]
[White "Tiviakov, Sergei"]
[Black "Jansa, Vlastimil"]
[Result "1-0"]
[WhiteElo "2659"]
[BlackElo "2451"]
[PlyCount "67"]
[EventDate "2012.??.??"]

1. e4 c5 2. Nc3 Nc6 3. Bb5 Nd4 4. Nf3 Nxb5 5. Nxb5 g6 6. d4 Bg7 7. c4 cxd4 8.
Nfxd4 d6 9. O-O Nf6 10. f3 O-O 11. Be3 Bd7 12. a4 a6 13. Nc3 Rc8 14. b3 e6 15.
Qd2 Qa5 16. Rfd1 Rfd8 17. Rab1 Be8 18. Nde2 d5 19. cxd5 exd5 20. exd5 Qb4 21.
Kh1 b5 22. Bb6 Rd6 23. a5 Qh4 24. b4 Rc4 25. Qe3 Bf8 26. Rd4 Rxd4 27. Bxd4 Bd7
28. Qe5 Bf5 29. Rg1 Bd3 30. Nf4 Bc2 31. g4 h6 32. Rg2 Bb3 33. Ne4 Qe1+ 34. Rg1
1-0

[Event "BL 1213 SC Forchheim - SC Eppingen"]
[Site "?"]
[Date "2012.11.11"]
[Round "4.2"]
[White "Seyb, Alexander"]
[Black "Balogh, Csaba"]
[Result "0-1"]
[WhiteElo "2310"]
[BlackElo "2664"]
[PlyCount "48"]
[EventDate "2012.??.??"]

1. e4 c5 2. Nf3 e6 3. d4 cxd4 4. Nxd4 a6 5. Bd3 Bc5 6. Nb3 Be7 7. Qg4 g6 8. Qe2
d6 9. a4 Nc6 10. a5 Nf6 11. Bh6 Bf8 12. Bxf8 Kxf8 13. O-O Kg7 14. Rd1 Qc7 15.
Nc3 Rd8 16. Qe3 Rb8 17. Be2 Bd7 18. Rd2 Be8 19. f3 Rbc8 20. Rad1 Nxa5 21. Nxa5
Qxa5 22. Rxd6 Rxd6 23. Rxd6 Qa1+ 24. Nd1 Rxc2 0-1

[Event "BL 1213 SC Forchheim - SC Eppingen"]
[Site "?"]
[Date "2012.11.11"]
[Round "4.4"]
[White "Heidrich, Manfred"]
[Black "Acs, Peter"]
[Result "0-1"]
[WhiteElo "2296"]
[BlackElo "2586"]
[PlyCount "68"]
[EventDate "2012.??.??"]

1. e4 c5 2. Nf3 Nc6 3. c3 Nf6 4. e5 Nd5 5. d4 cxd4 6. cxd4 d6 7. Bc4 e6 8. O-O
Be7 9. Bd2 O-O 10. Nc3 Nb6 11. Bb3 dxe5 12. dxe5 Nd7 13. Re1 b6 14. Bf4 Nc5 15.
Bc4 Bb7 16. Nb5 Nb4 17. Nfd4 a6 18. Nc3 b5 19. Be2 Bg5 20. Bg3 Qb6 21. a3 Nd5
22. Nxd5 Bxd5 23. Nf3 Bxf3 24. Bxf3 Rad8 25. Qc2 Rd2 26. Qc3 Na4 27. Qc6 Qxc6
28. Bxc6 Rxb2 29. Red1 Bd2 30. Rdb1 Rc2 31. Be4 Rc5 32. Bb7 Rb8 33. Bxa6 Nc3
34. Rb3 Rb6 0-1

[Event "BL 1213 SC Forchheim - SC Eppingen"]
[Site "?"]
[Date "2012.11.11"]
[Round "4.5"]
[White "Ruck, Robert"]
[Black "Doeres, Hans-Juergen"]
[Result "1-0"]
[WhiteElo "2567"]
[BlackElo "2226"]
[PlyCount "127"]
[EventDate "2012.??.??"]

1. Nf3 Nf6 2. c4 c6 3. d4 d5 4. Nc3 a6 5. c5 Nbd7 6. Bf4 Nh5 7. g3 g6 8. Qd2
Nxf4 9. gxf4 Bg7 10. e3 Nf6 11. Bd3 Bf5 12. Bxf5 gxf5 13. Rg1 Kf8 14. Qc2 e6
15. O-O-O Ne4 16. Rg2 Nxc3 17. Qxc3 Bf6 18. Rdg1 Ke7 19. Ne1 Qc7 20. Nd3 Rad8
21. Qe1 Qb8 22. Qb4 Qc7 23. Qb3 Rdf8 24. Kb1 Kd8 25. Qd1 h5 26. Qf3 h4 27. Ne5
Kc8 28. Kc2 Kb8 29. Nd3 Kc8 30. h3 Qd8 31. b4 Qc7 32. Rb1 Rfg8 33. Rxg8+ Rxg8
34. Kd2 Qe7 35. a4 Kc7 36. Qd1 Qd7 37. Qc2 Ra8 38. Rb2 Kd8 39. Qb1 Ke7 40. Ke2
Qc7 41. b5 axb5 42. axb5 cxb5 43. Rxb5 Ra7 44. Qb4 Ke8 45. Rb6 Qd7 46. Kf3 Qe7
47. Rd6 Qc7 48. Qb5+ Ke7 49. Nb4 Ra5 50. Qb6 Qxb6 51. Rxb6 Ra1 52. Rxb7+ Ke8
53. Rb8+ Ke7 54. Nc6+ Kd7 55. Ne5+ Bxe5 56. fxe5 Rh1 57. Kg2 Rd1 58. Rh8 f4 59.
Rxh4 fxe3 60. fxe3 Kc6 61. Rf4 Re1 62. h4 Rxe3 63. h5 Re2+ 64. Kg3 1-0

[Event "BL 1213 SC Forchheim - SC Eppingen"]
[Site "?"]
[Date "2012.11.11"]
[Round "4.6"]
[White "Huemmer, Bernd"]
[Black "Braun, Arik"]
[Result "0-1"]
[WhiteElo "2211"]
[BlackElo "2556"]
[PlyCount "78"]
[EventDate "2012.??.??"]

1. c4 Nf6 2. Nc3 c5 3. Nf3 e6 4. g3 b6 5. Bg2 Bb7 6. O-O Be7 7. Re1 O-O 8. e4
d6 9. d4 cxd4 10. Nxd4 Qc8 11. b3 a6 12. Bb2 Nbd7 13. h3 g6 14. Rc1 Re8 15. Qd2
Ra7 16. Ba1 Bf8 17. Kh2 Ba8 18. Nc2 Qb8 19. Nd4 h5 20. h4 Bh6 21. Qc2 Bxc1 22.
Qxc1 e5 23. Nc2 b5 24. Ne3 Nc5 25. Qc2 Rc7 26. Rd1 Qb6 27. Ncd5 Bxd5 28. exd5
Ncd7 29. Bh3 bxc4 30. bxc4 Rb8 31. Rg1 Qc5 32. g4 hxg4 33. Bxg4 Nxg4+ 34. Rxg4
Nf6 35. Rg5 Nxd5 36. Ng4 Qxc4 37. Rxg6+ fxg6 38. Qxg6+ Rg7 39. Qe6+ Kh8 0-1

[Event "BL 1213 SC Forchheim - SC Eppingen"]
[Site "?"]
[Date "2012.11.11"]
[Round "4.7"]
[White "Guliyev, Namig"]
[Black "Seyb, Dieter"]
[Result "1/2-1/2"]
[WhiteElo "2546"]
[BlackElo "2253"]
[PlyCount "137"]
[EventDate "2012.??.??"]

1. e4 e6 2. d4 d5 3. Nc3 dxe4 4. Nxe4 Bd7 5. Nf3 Bc6 6. Bd3 Nd7 7. O-O Ngf6 8.
Ng3 Bxf3 9. Qxf3 c6 10. b3 Be7 11. Bb2 O-O 12. c4 Re8 13. Rad1 Qa5 14. Bb1 Ba3
15. Ba1 Qg5 16. Rfe1 Bb4 17. Re5 Qh4 18. h3 Rad8 19. Re3 Nf8 20. d5 cxd5 21.
cxd5 Nxd5 22. Re4 Qh6 23. Nh5 Bc3 24. Bxc3 Nxc3 25. Rxd8 Rxd8 26. Rg4 Ng6 27.
Bxg6 hxg6 28. Nf4 Nd5 29. Nd3 Qd2 30. Rd4 Qxa2 31. Nc5 Qa1+ 32. Rd1 Qf6 33.
Qxf6 gxf6 34. Nxb7 Rb8 35. Na5 Rb5 36. Ra1 Kg7 37. Ra3 Nb4 38. Nc4 Nc6 39. Nd6
Ra5 40. Rxa5 Nxa5 41. b4 Nc6 42. b5 Nd4 43. f3 e5 44. Kf2 f5 45. Ke3 Nc2+ 46.
Kd3 Na3 47. h4 Kf6 48. g4 e4+ 49. fxe4 fxg4 50. Ke3 Ke6 51. e5 f6 52. Nc8 Nxb5
53. exf6 Kxf6 54. Kf4 Kg7 55. Kxg4 Kh6 56. Kf4 Kh5 57. Ne7 a5 58. Ke4 a4 59.
Kd3 Kh6 60. Kc4 Kg7 61. Kb4 a3 62. Kb3 Kf6 63. Nd5+ Ke6 64. Nf4+ Kf5 65. h5 g5
66. h6 Nd4+ 67. Kxa3 Kf6 68. Nh3 g4 69. Nf2 1/2-1/2

[Event "BL 1213 SC Forchheim - SC Eppingen"]
[Site "?"]
[Date "2012.11.11"]
[Round "4.8"]
[White "Miller, Eduard"]
[Black "Noe, Christopher"]
[Result "0-1"]
[WhiteElo "2151"]
[BlackElo "2192"]
[PlyCount "42"]
[EventDate "2012.??.??"]

1. e4 c5 2. Nf3 d6 3. d4 cxd4 4. Nxd4 a6 5. g3 b6 6. Bg2 Bb7 7. O-O Qc7 8. Qe2
e6 9. f4 Nd7 10. Kh1 Rc8 11. Nc3 Ngf6 12. Be3 h5 13. h3 Be7 14. Bg1 g6 15. Rae1
e5 16. Nd5 Qc4 17. fxe5 dxe5 18. Nf3 Nxe4 19. Qxc4 Rxc4 20. Rxe4 Rxe4 21. Nxe7
Re2 0-1